Problèmes d'électrotechnique avec leurs solutions : Machines en courant alternatif /
Tallennettuna:
| Päätekijä: | |
|---|---|
| Aineistotyyppi: | Sách giấy |
| Kieli: | French |
| Julkaistu: |
Paris :
Eyrolles,
1977.
|
| Tagit: |
Lisää tagi
Ei tageja, Lisää ensimmäinen tagi!
|
| Thư viện lưu trữ: | Thư viện Trường Đại học Đà Lạt |
|---|
| LEADER | 00650nam a2200265 4500 | ||
|---|---|---|---|
| 001 | DLU100104849 | ||
| 005 | ##20100317 | ||
| 040 | # | # | |a DLU |b vie |
| 041 | # | # | |a fre |
| 044 | # | # | |a vn |
| 082 | # | # | |a 621.381 |b BO-M |
| 100 | # | # | |a Bornand, Michel. |
| 245 | # | # | |a Problèmes d'électrotechnique avec leurs solutions : |b Machines en courant alternatif / |c Michel Bornand. |
| 260 | # | # | |a Paris : |b Eyrolles, |c 1977. |
| 300 | # | # | |a 230 p. ; |c 24 cm. |
| 991 | # | # | |a GT |
| 992 | # | # | |a 4600 |
| 994 | # | # | |a DLU |
| 900 | # | # | |a True |
| 911 | # | # | |a Đào Thị Thu Huyền |
| 925 | # | # | |a G |
| 926 | # | # | |a A |
| 927 | # | # | |a SH |
| 980 | # | # | |a Thư viện Trường Đại học Đà Lạt |